| 000 | 00987cam a2200313 a 4500 | ||
|---|---|---|---|
| 001 | 4481403 | ||
| 003 | ARRUPE | ||
| 005 | 20140930134038.0 | ||
| 008 | 931112s1994 mnu b 001 0 eng | ||
| 010 | _a93004696 | ||
| 020 | _a0814650368 | ||
| 035 | _a(OCoLC)28183133 | ||
| 035 | _a(OCoLC)ocm28183133 | ||
| 035 | _a(NNC)4481403 | ||
| 040 |
_aDLC _cDLC _dNNUT |
||
| 050 | 0 | 0 |
_aBS476 _b.M334 1993 |
| 090 |
_aBS476 _b.M334 1993 |
||
| 100 | 1 |
_aMcEvenue, Sean E. _911821 |
|
| 245 | 1 | 0 |
_aInterpretation and Bible : _bessays on truth in literature / _cSean McEvenue. |
| 260 |
_aCollegeville, Minn. : _bLiturgical Press, _cc1994. |
||
| 300 |
_a187 p. ; _c23 cm. |
||
| 500 | _a"A Michael Glazier book." | ||
| 504 | _aIncludes bibliographical references and indexes. | ||
| 600 | 1 | 0 |
_aLonergan, Bernard J. F. _xContributions in doctrine of hermeneutics. _911822 |
| 630 | 0 | 0 |
_aBible _xHermeneutics. _911823 |
| 650 | 0 |
_aHermeneutics. _911824 |
|
| 942 |
_2lcc _cMONOGRAPH |
||
| 999 |
_c121004 _d121004 |
||